| 000 | 00458nam a2200169Ia 4500 | ||
|---|---|---|---|
| 008 | 230917s9999||||xx |||||||||||||| ||und|| | ||
| 020 | _cRS 450.00 | ||
| 040 |
_e5000049 _aMAIN |
||
| 041 | _aEnglish | ||
| 082 | _a320.50954 P196P | ||
| 100 | _aPantham, Thomas, ed. | ||
| 245 | 0 | _aAadhunik Bharat mein rajneetik vichar | |
| 260 |
_aNew Delhi _bSage _c2017 |
||
| 300 | _avii, 364 p. | ||
| 500 | _a3916 30/12/2019 HBD20/8224 05/02/2020 Main Budget | ||
| 942 | _cBK | ||
| 999 |
_c935 _d935 |
||